Contabilidad social y ambiental (Registro nro. 12476)

Detalles MARC
000 -LEADER
fixed length control field 00296 a2200109 4500
001 - CONTROL NUMBER
control field ART_49238
005 - DATE AND TIME OF LATEST TRANSACTION
control field 20260410161631.0
008 - FIXED-LENGTH DATA ELEMENTS--GENERAL INFORMATION
fixed length control field 260409a
100 1# - MAIN ENTRY--PERSONAL NAME
Personal name Geba, Norma Beatriz
245 10 - TITLE STATEMENT
Title Contabilidad social y ambiental
773 0# - HOST ITEM ENTRY
Title Enfoques
Related parts - N°6 (jun. 2019)
Record control number REV416

No hay ítems disponibles.